| 000 | 00888nam a22002177a 4500 | ||
|---|---|---|---|
| 999 |
_c9715 _d9715 |
||
| 003 | AR-CdUCM | ||
| 008 | 190328b ||||| |||| 00| 0 spa d | ||
| 040 |
_aMUNICIPALIDAD PROVINCIAL DEL CUSCO _cBIBLIOTECA MUNICIPAL DEL CUSCO |
||
| 082 |
_a630.8 / _bF52 / 1945 |
||
| 100 |
_aFina, Armando L. De _926108 |
||
| 245 | _aLos elementos climáticos y los cultivos / | ||
| 260 |
_aBuenos Aires : _bSudamericana, _c1945. |
||
| 300 |
_a258 páginas ; _bIlustraciones, _c18 cm. |
||
| 440 |
_aEnciclopedia agropecuaria Argentina. _n28 _926109 |
||
| 505 | _aContenido: Meteorología, climatología, atmósfera -- Radiación solar -- Termómetros y su observación -- Termografo, promedio de temperatura -- Variación diaria y anual de a temperatura ... | ||
| 650 |
_aMeteorología _921608 |
||
| 650 |
_aClimatología _917045 |
||
| 650 |
_aAtmósfera _926110 |
||
| 942 |
_2ddc _cLIBROS |
||
| 945 | _aacv | ||